[Event "RUS-ch Superfinal"]
[Site "Moscow"]
[Date "2005.12.21"]
[Round "3"]
[White "Rublevsky, Sergei"]
[Black "Dreev, Alexey"]
[Result "1-0"]
[WhiteElo "2652"]
[BlackElo "2694"]
[Annotator "Psakhis,L"]
[PlyCount "81"]
[EventDate "2005.12.19"]
[EventType "tourn"]
[EventRounds "11"]
[EventCountry "RUS"]
[EventCategory "17"]
[SourceTitle "CBM 111"]
[Source "ChessBase"]
[SourceDate "2006.04.04"]
[SourceVersion "1"]
[SourceVersionDate "2006.04.04"]
[SourceQuality "1"]

1. e4 c5 2. Nf3 Nc6 3. Bb5 d6 4. Bxc6+ bxc6 5. O-O Bg4 6. h3 Bh5 7. e5 $5 {
[%mdl 4] A very interesting move, Rublevsky begins concrete play immediately,
while White is ahead in development.} (7. c3 Nf6 8. Re1 e6 9. d4 cxd4 10. cxd4
Be7 11. Nc3 O-O 12. Bf4 d5 13. exd5 cxd5 14. g4 Bg6 15. Ne5 Qb6 16. Na4 Qb5 17.
h4 Rac8 $15 {0-1 Kobalia,M (2634)-Zhang Zhong (2598)/WCC Khanty Mansyisk 2005/
The Week in Chess 578 (44)}) 7... dxe5 (7... f6 8. e6 f5 9. b3 Nf6 10. Bb2 Qc8
11. Re1 Rg8 12. d3 $14 {1-0 Kobalia,M (2830)-Gutman,L (2525)/ECU-ch Internet
Candidates 5m+1s blitz 2006/ (21)}) (7... e6 $6 8. exd6 Bxd6 9. d3 Ne7 10. Nbd2
O-O 11. Ne4 {Black hasn't any real compensation for his weak pawn structure.
White is better and... ready for a draw.} Nd5 12. Re1 Re8 13. Ng3 Bg6 14. Ne4 {
Shirov,A (2695)-Gelfand,B (2710)/Dortmund cm 2002/ChessBase (51)}) (7... d5 8.
e6 $5 fxe6 9. Re1 $44) 8. g4 (8. Re1 f6 9. Nc3 Nh6 10. d3 Nf7 11. Qe2 e6 12. b3
Nd6 13. Ne4 Nb5 14. c3 Be7 15. Be3 Qa5 16. Rec1 O-O 17. a4 Nc7 18. Nxc5 Bxc5
19. b4 Bxb4 20. cxb4 Qxb4 21. Bc5 Qb7 22. Bxf8 Rxf8 23. Rab1 Qa8 {1-0 Brodbeck,
S (2213)-Maier,A (2365)/Schwaebisch Gmuend op 2003/EXT 2004 (33)}) (8. Nc3 e6
9. g4 Bg6 10. Nxe5 Bd6 11. Nxg6 hxg6 12. Qf3 Rc8 13. d3 Nf6 14. Re1 Qc7 15. Bd2
Nd5 16. Ne4 Bf4 17. Be3 c4 18. dxc4 Nxe3 19. fxe3 Bh2+ 20. Kg2 Be5 21. Rad1 O-O
22. b3 f5 {1/2-1/2 Zambor,N (2505)-Dothan,Y (2570)/corr Olympiad XV 2003/ICCF
Telechess (33)}) 8... e4 (8... Bg6 $5 9. Nxe5 f6 10. Nxg6 hxg6 11. Qf3 Qd5 12.
Qg2 e5 13. Nc3 Qxg2+ 14. Kxg2 Ne7 15. d3 g5 16. Be3 Nd5 17. Ne4 Be7 18. a3 g6
19. c4 Nf4+ 20. Bxf4 gxf4 21. b4 O-O-O 22. Rfd1 {1/2-1/2 Rausis,I (2535)-Lopez
Martinez,J (2434)/Badalona 2003/ChessBase (59)}) 9. gxh5 (9. Nh4 e6) (9. Ne5
Bg6 (9... Qd5 10. f4 exf3 (10... Bg6 11. Nc3 Qd4+ 12. Kg2) 11. Qxf3 Bg6 12. d3)
10. Nc3 Qc7 11. f4) 9... exf3 10. Nc3 (10. Qxf3 Qd5) 10... Rc8 $146 (10... Nf6
11. Qxf3 Qd7 12. d3 g6 (12... Nd5 13. Ne4 e6 14. Be3 $14) 13. h6 Nd5 14. Ne4
Qf5 15. Qxf5 (15. Qg3 $5 O-O-O (15... f6 16. Bd2) 16. a3 g5 17. Re1 Bxh6 18.
Qg4 Qxg4+ 19. hxg4 $14) 15... gxf5 16. Nxc5 e5 (16... e6 $5 17. Nb3 $5 f4 18.
Kg2 Bxh6 19. Kf3 $14) 17. Nb3 $14 {Hasangatin,R (2517)-Dobrov,V (2443)/
Voronezh 2003/ (24)}) 11. Qxf3 {This position looks very promising for White
who is ready to start direct action.} e6 12. d3 Qf6 13. Qg3 Qf5 (13... c4 $5
14. dxc4 Qf5 15. Be3 $36) 14. Re1 $1 Qxh5 15. Re5 Qg6 16. Rg5 Qf6 17. Ne4 Qd8 {
A funny position: The queen - the only one active black piece - comes back to
its starting position. White has a huge advantage in development and Rublevsky
continues the attack with big energy.} 18. Rxg7 (18. Bf4 $5 {[%cal Ge4d6]})
18... Nf6 ({Possibly Dreev had to play} 18... Bxg7 19. Qxg7 Qd4 20. Qxd4 cxd4
21. Nd6+ Kd7 22. Nxf7 Ne7 23. Nxh8 Rxh8 24. Bf4 {with some chances for defense
in the endgame, but he prefers to keep the material balance.}) 19. Nxf6+ Qxf6
20. Rg4 Be7 (20... h5 $5 21. Ra4 $140 Rh7 {[%cal Gh7g7]}) 21. Bf4 $1 Qf5 22.
Re1 (22. Be5 Bf6 (22... f6 23. Bd6 Bxd6 24. Qxd6 {[%csl Re8]}) 23. Re1) 22...
Bf6 23. Be5 $1 {A simple and strong move. After} (23. Re5 Bxe5 24. Bxe5 f6 (
24... Rf8 25. Rg5 $1 {[%csl Rf5]}) 25. Rg8+ Rxg8 26. Qxg8+ Ke7 27. Qxc8 Qxe5
$16 {White would need to show good endgame technique.}) 23... h5 24. Bxf6 (24.
Rge4 $5) (24. Rg8+ Kd7 $1 25. Rxh8 Rxh8 26. Re4 $36) 24... Qxf6 25. Ra4 {
[%csl Ra7,Rc5]} Qe7 (25... Ra8 $5 {[%csl Ra8]}) (25... Qxb2 26. Rxa7 Qf6 27.
Qd6 $18) 26. Qg7 Rf8 27. Re5 $1 {[%csl Ga4,Ge5] The beggining of the end!} h4
28. Rh5 Rd8 29. Rhxh4 Rd5 30. Kf1 (30. Qg3 $5 Rg5 31. Rhg4 Rfg8 32. Kf1 $5 $18
{was enough for victory, too.}) 30... Rg5 31. Qh7 Rfg8 (31... Qf6 32. Qe4 Rd5
33. Rxa7 Qxb2 34. Qa4 $1) 32. Rhg4 Rxg4 33. hxg4 (33. Rxg4 $5 $18) 33... Qg5
34. Ke2 {White's king is well protected - a big difference with his black
collegue! - and Alexey Dreev could stop resistance already now.} Kf8 35. Qh5
Qe7 36. Qe5 Rg5 37. Qh8+ Rg8 38. Qe5 Rg5 39. Qb8+ Kg7 40. Rxa7 Qf6 41. Ra8 {
White converts his advantage into a win very convincingly.} 1-0

[Event "Selfoss Milk Masters 1st"]
[Site "Selfoss"]
[Date "2002.10.09"]
[Round "2"]
[White "McShane, Luke J"]
[Black "Hracek, Zbynek"]
[Result "1/2-1/2"]
[WhiteElo "2546"]
[BlackElo "2607"]
[Annotator "Psakhis,L"]
[PlyCount "72"]
[EventDate "2002.10.08"]
[EventType "tourn"]
[EventRounds "9"]
[EventCountry "ISL"]
[EventCategory "12"]
[SourceTitle "CBM 092"]
[Source "ChessBase"]
[SourceDate "2003.02.06"]
[SourceVersion "1"]
[SourceVersionDate "2003.02.06"]
[SourceQuality "1"]

1. e4 c5 2. Nf3 d6 3. Bb5+ Nc6 4. O-O Bd7 5. Re1 Nf6 6. h3 ({As usual Black
easy solve problems after} 6. c3 a6 7. Bf1 Bg4 $5) 6... a6 7. Bf1 e5 ({Worth
considering sharp} 7... g5 $5 {with possible continuation} 8. d4 g4 9. d5 gxf3
10. dxc6 Bxc6 11. Qxf3 e6 12. Nc3 Be7 13. Bf4 b5 14. Rad1 Ra7 15. Qe3 Rd7 $132
{1/2-1/2 Baklan,V-Timoshenko,G/Enakievo 1997 (22)}) 8. c3 Be7 9. d4 O-O 10. d5
Na7 (10... Nb8 $5 11. a4 $14) 11. Nxe5 $1 {Good idea. White gets maybe small,
but long time advantage.} dxe5 12. d6 Bc6 13. dxe7 Qxe7 14. Qc2 {[%csl Gc1,Gf1]
} Nb5 {[%cal Gb5d6]} 15. Nd2 $146 (15. Bg5 Nc7 16. Nd2 Ne6 17. Bh4 b5 18. a4
Rfd8 19. Bg3 Qc7 20. Nf3 $14 {1-0 Kotronias,V-Marasescu/Athens op 1987/Vaiser 
(39)}) 15... Nd6 16. b3 {[%cal Gc1a3]} Nfe8 (16... Rad8 17. a4) 17. Ba3 (17. a4
$5) 17... b6 18. b4 $1 {Having two bishops, White surely wants to open
position.} Nc7 (18... cxb4 19. Bxb4 a5 20. Ba3 b5 21. Bc5 $36) 19. bxc5 Ndb5 (
19... Nb7 20. cxb6) 20. Bc1 bxc5 ({Doesn't help} 20... Qxc5 $2 21. Nc4 $1 {
[%cal Ra2a4,Rc1e3] and Black already can't keep material balance.}) 21. Nb3 (
21. Nc4 Nd6 22. Na5 Bb5 $1) 21... Ne6 22. Na5 $14 Bd7 23. Nc4 {[%csl Rd5]} Nf4
24. a4 Nc7 25. Nb6 $5 (25. Bxf4 exf4 26. Qd2 $14) 25... Rab8 26. Nxd7 Qxd7 27.
Be3 (27. g3 $5 Nxh3+ $140 $2 28. Kh2 $18) 27... Qc6 28. g3 Nfe6 29. Bc4 $16
Rfd8 30. Rad1 Kf8 31. Rxd8+ (31. f4 $5) 31... Nxd8 32. f4 $1 exf4 (32... Kg8
33. Rd1 $5) 33. gxf4 Kg8 34. Kh2 Ne8 {McShane have now all the trumbs in his
hand - couple of strong bishops,pawn center and active pieces.} 35. Rd1 $2 ({
After} 35. e5 $142 Nc7 36. Rg1 $16 {[%csl Gc4,Rc5,Ge3,Rg8] Black will be stuck
to passive defense.}) 35... Ne6 36. f5 $2 {Serious mistake} ({Again} 36. e5 $16
{was good enough}) 36... Qc7+ $1 ({Black's position was so passive during all
game, that Hracek offered draw in a moment when he could seize initiative -
for example} 36... Qc7+ 37. Kg2 (37. Kh1 Qg3 $1) 37... Nf4+ 38. Kf3 (38. Kh1
Qe5 $132) 38... Nh5 39. Rg1 Nef6 $36) 1/2-1/2

[Event "RUS Cup final 6th"]
[Site "Nefteyugansk"]
[Date "2002.10.09"]
[Round "5"]
[White "Pridorozhni, Aleksei"]
[Black "Popov, Valerij"]
[Result "1-0"]
[WhiteElo "2475"]
[BlackElo "2568"]
[Annotator "Psakhis,L"]
[PlyCount "79"]
[EventDate "2002.10.06"]
[EventType "tourn"]
[EventRounds "11"]
[EventCountry "RUS"]
[EventCategory "11"]
[SourceTitle "CBM 092"]
[Source "ChessBase"]
[SourceDate "2003.02.06"]
[SourceVersion "1"]
[SourceVersionDate "2003.02.06"]
[SourceQuality "1"]

1. e4 c5 2. Nf3 d6 3. Bb5+ Nd7 4. d4 Ngf6 5. O-O a6 6. Bxd7+ Nxd7 7. Nc3 e6 8.
dxc5 {Not bad move, but} (8. Bg5 Qc7 9. d5 e5 10. a4 $5 {[%cal Gf3d2,Gd2c4]
gain great popularity in modern practice.}) 8... Nxc5 9. Bg5 Qc7 10. a4 h6 (
10... b6 11. Re1 f6 12. Be3 Be7 13. Nd4 O-O 14. Qh5 Bd7 15. f4 Qb7 16. b4 Nxe4
17. Nxe4 Qxe4 18. Bf2 Qb7 {1-0 Adams,M-Zvjaginsev,V/Wch Moscow 2001/ (34)}) 11.
Bh4 Nd7 12. Re1 $146 (12. Nd4 Nf6 13. Bxf6 gxf6 14. a5 Bd7 15. Qd2 Qc4 16. Rfe1
h5 17. Ra3 Be7 18. Nf5 Qc5 19. Nd5 exd5 20. Rc3 Qb5 {Zelcic,R-Guidarelli,L/
Bled op 2002/ /1-0 (40)}) 12... Ne5 13. Nd4 g5 {To be honest I don't like this
idea, which maybe look active, but it weakens Black's position considerably,
while not bringing any definite benefits} 14. Bg3 Bd7 15. Qh5 Bg7 16. Rad1 Rc8
17. h4 Bf6 18. Nf3 b5 19. axb5 axb5 20. Nd4 (20. Na2 $5 {[%cal Ga2b4,Gc2c3]})
20... Qb6 21. Nf3 Rc7 22. Nxe5 (22. Bxe5 $5 dxe5 23. Nh2 Qc5 (23... b4 24. Ng4
Bg7 25. hxg5 $1 bxc3 26. gxh6 $18) 24. Ng4 Bd8 (24... Qe7 25. Ra1) (24... Be7
25. Nxh6) 25. Rd2 $14 (25. Nxh6 $6 Qf8 26. hxg5 Qg7 $132) (25. hxg5 Bxg5))
22... dxe5 {Now Black's pawn formation is seriously compromised on the
kingside.} 23. Re3 Qc5 24. Rf3 {This rook lift allows White to create concrete
threats on the king's side.} Qe7 25. Ra1 ({Energetic could produce derious
problems for Black, for example} 25. Rd5 $5 b4 (25... Rxc3 26. Rxd7 Qxd7 27.
Rxc3 $16) 26. Nb5 $1 Rxc2 27. Nd6+ Kf8 28. Ra5 $16) 25... O-O {The text move
is artificial and throws Black into serious trouble, but he had enough
problems already. For example:} (25... Bc6 26. Nxb5 Rd7 27. Rd3 $5 Rxd3 28.
cxd3 $16) (25... b4 26. Ra8+ Rc8 27. Rxc8+ Bxc8 28. Nb5 Bd7 $140 29. Nd6+ $5
Qxd6 30. Rxf6 $40) 26. hxg5 $1 (26. Qxh6 Bg7 27. Qxg5 Qxg5 28. hxg5 b4 $44)
26... hxg5 (26... Bxg5 27. Bxe5 Rc5 28. Qh2 $5) 27. Qh2 $1 {[%csl Re5][%cal
Rf3f6]} Rc5 (27... Bg7 28. Bxe5 $18) 28. b4 $18 Rxc3 $8 29. Rxf6 (29. Rxc3 Qxb4
30. Bxe5 $18) 29... Qxf6 30. Bxe5 Rh3 $1 31. Bxf6 Rxh2 32. Kxh2 {White has and
material and positional advantage and rest is very simple.} Rc8 33. Kg3 Kh7 34.
e5 Kg6 35. Rd1 Bc6 36. Rd4 Kf5 37. c4 bxc4 38. Rxc4 Bd7 39. Rd4 Bb5 40. f3 {
[%cal Gd4g4,Gg3b6]} 1-0

[Event "Elgoibar 14th"]
[Site "Elgoibar"]
[Date "2004.12.14"]
[Round "4"]
[White "Felgaer, Ruben Alejandro"]
[Black "Cheparinov, Ivan"]
[Result "1-0"]
[WhiteElo "2569"]
[BlackElo "2576"]
[Annotator "Psakhis,L"]
[PlyCount "67"]
[EventDate "2004.12.11"]
[EventType "tourn"]
[EventRounds "9"]
[EventCountry "ESP"]
[EventCategory "10"]
[SourceTitle "CBM 105"]
[Source "ChessBase"]
[SourceDate "2005.04.11"]
[SourceVersion "1"]
[SourceVersionDate "2005.04.11"]
[SourceQuality "1"]

1. e4 c5 2. Nf3 d6 3. Bb5+ Nc6 4. O-O Bd7 5. Re1 Nf6 6. c3 a6 7. Bf1 Bg4 8. d3
e6 9. Nbd2 Nd7 (9... Be7 10. h3 Bh5 11. g4 Bg6 12. Nh4 Nd7 13. Nxg6 hxg6 14. f4
Bh4 15. Re2 g5 16. f5 Nde5 17. Re3 O-O 18. Bg2 b5 19. Nf3 Nxf3+ 20. Rxf3 b4 21.
Be3 Rb8 22. Qd2 Ne5 {1/2-1/2 Potkin,V-Timoshenko,G/Ismailia 2nd Misr Closed
2004/ (35)}) (9... d5 10. e5 Nd7 11. Qa4 Bh5 12. Qf4 Be7 13. h4 Bg6 14. Qh2 h6
15. h5 Bh7 16. a3 O-O 17. c4 Re8 18. Qg3 Kh8 19. b3 f6 20. exf6 Bxf6 {0-1
Minasian,A-Wang Yue/ICC Petrosian mem Internet 2004/ (50)}) 10. h3 Bh5 {
This is an good way to solve the opening problems} 11. a3 $146 (11. g4 Bg6 12.
d4 cxd4 13. cxd4 e5 (13... Be7 14. d5 Nce5 15. Nxe5 dxe5 16. Nc4 O-O 17. a4
exd5 18. Qxd5 Nf6 19. Qxd8 Rfxd8 20. f3 Bb4 21. Re2 Rd1 22. Ne3 Bc5 23. Kg2
Rdd8 24. Nc4 Nd7 25. Be3 f6 26. Rc1 Bb4 27. Nb6 Nxb6 28. Bxb6 {Rublevsky,
S-Sorokin,M/Russia 90/164 2004/ 1/2-1/2 (62)}) 14. d5 Ncb8 15. b3 (15. b4 h5
16. g5 a5 17. bxa5 Be7 18. Nb3 O-O 19. Qd2 Na6 20. Nh4 Nac5 21. Bg2 b6 22. Nf5
f6 23. Nh4 Qe8 24. Nxc5 Nxc5 25. axb6 fxg5 26. Nxg6 Qxg6 27. Qe2 Rfb8 28. Rb1
Bd8 29. Be3 Bxb6 {Anand,V-Topalov,V/Dortmund GM 2001/CBM 85/[Ftacnik]/0-1 (84)}
) (15. h4 h5 16. g5 Be7 17. Bh3 Nc5 18. Nf1 a5 19. Ng3 Nba6 20. a4 O-O 21. Ra3
Nb4 22. Nh2 Qe8 23. Bf5 f6 24. Bxg6 Qxg6 25. Nf5 Bd8 26. f3 fxg5 27. Be3 Rxf5
28. exf5 Qxf5 29. Bxc5 dxc5 {Zubarev,A-Kulaots,K/Kharkov Rector Cup 2003/
ChessBase/0-1 (43)}) 15... h5 16. g5 Be7 17. Ba3 b5 18. Qe2 O-O 19. Qe3 h4 20.
Bd3 Bh5 21. Kh1 g6 22. Rg1 Qa5 23. Bb2 Bd8 24. Nxh4 Bb6 25. Qe1 Bc5 {Zhang
Zhong-Topalov,V/Wch Moscow 2001/The Week in Chess 369/1/2-1/2 (67)}) (11. Be2
Be7 12. Nf1 (12. d4 cxd4 13. cxd4 O-O 14. d5 exd5 15. exd5 Nb4 16. Nc4 Bg6 17.
Ne3 Nc5 18. Nd4 Nbd3 19. Bxd3 Nxd3 20. Re2 Bg5 {1/2-1/2 Sanduleac,V-Khuzman,A/
Calvia Olympiad 2004/ (57)}) 12... O-O 13. N3d2 Bxe2 14. Qxe2 d5 15. exd5 exd5
16. Nf3 Re8 17. Bf4 Nf8 18. Qd2 b5 19. d4 cxd4 20. Nxd4 Nxd4 {1/2-1/2
Gelashvili,T-Banikas,H/Korintos op 1999/ChessBase}) 11... Be7 12. b4 O-O $11
13. bxc5 (13. Bb2 $5) 13... dxc5 14. g4 Bg6 15. d4 cxd4 16. cxd4 {[%cal Gd4d5]}
h5 (16... b5 17. a4 $5) 17. gxh5 $6 (17. d5 $142 $5) 17... Bxh5 18. Qb3 b5 19.
Bb2 Rc8 20. Rac1 (20. d5 Nc5 21. Qa2 Bg5 $1 $17) 20... Nb6 {[%cal Gb6a4]} 21.
Qe3 Na4 22. Ba1 Qd6 $36 {[%csl Ra3,Gh5] Disturbing White on the queen side.}
23. d5 $5 {A bluff that worked perfectly! White is already trying drastic
measures - a clear sign that there is something wrong in his position.} exd5 (
23... Na5 24. Be5 $5 Qxa3 25. Rxc8 Rxc8 26. Qa7 $1 $132) 24. exd5 Qxd5 25. Bg2
{[%csl Ga1,Gg2]} Qd6 $5 (25... Bc5 $5 26. Nd4 (26. Qf4 Ne7 $5 27. Nd4 Qd6 $17)
26... Bxd4 27. Bxd5 Bxe3 28. Rxe3 Ne7 $1 29. Rxc8 Rxc8 30. Rxe7 Rc1+ 31. Kg2
Rxa1 $17) 26. Ne4 (26. Rxc6 Rxc6 (26... Qxc6 27. Qxe7 Rfe8 28. Qg5 Rxe1+ 29.
Nxe1 $16) 27. Qxe7 Qxe7 28. Rxe7 Rc1+ 29. Re1 Rxe1+ 30. Nxe1 Rd8 $17) 26... Qg6
$2 {Absolutely unnecessary move, which spoils Black's victory.} (26... Qxa3
$142 $19 {with big material advantage, and white hasn't real compensation for
it.}) 27. Ng3 Bxf3 28. Qxf3 $44 Bc5 $6 (28... Na7 $5 29. Rxc8 Nxc8 30. Nf5 Bf6
$13) 29. Nf5 {Suddenly White pieces has got extreme power!} (29. Re4 $5 {
[%cal Re4g4]} Ne7 30. Rce1 $36 (30. Rg4 Bxf2+ $1 31. Kxf2 Rxc1 32. Bxg7 $1 $132
)) 29... Rfd8 (29... Kh7 30. Re4 $1 {[%cal Re4g4]}) 30. Re4 $5 (30. Bxg7 Rd2) {
Overlooking opponent's reply.} 30... Rd2 $2 {Final mistake! Black had to
choose between} (30... Bf8 $5 31. Rce1 $1 $40 (31. Rg4 Nd4 $1 32. Bxd4 Rxc1+
33. Bf1 $132)) ({or} 30... Qg5 31. Rc2 $5 $16 {but White's chances are better
any case.}) 31. Rxc5 $1 $18 Nxc5 32. Rg4 Qe6 33. Bxg7 (33. Rxg7+ $5 Kf8 34. Rh7
Qe1+ (34... Ne7 35. Rh8+ Ng8 36. Qg4 $18) 35. Bf1 Ke8 36. Nd6+ Kd7 37. Nxc8 $18
) 33... Rd3 34. Bd4+ 1-0